| 000 | 00000nam##2200000za#4500 |
| 001 | 9.666126 |
| 003 | CaOODSP |
| 005 | 20210615122641 |
| 007 | ta |
| 008 | 150407|2005||||xxc||||| f|0| 0 iku|d |
| 020 | |a0-662-68679-9 |
| 040 | |aCaOODSP|bfre |
| 041 | 7|aiku |
| 041 | 7|aiku |
| 041 | |aeng |
| 041 | |afre |
| 043 | |an-cn--- |
| 086 | 1 |aR2-371/2005 |
| 110 | 1 |aCanada.|bAffaires indiennes et du Nord. |bBureau régional du Nunavut. |
| 245 | 13|aLa terre - il faut l'utiliser intelligement : |blivre d'activités et à colorier |
| 260 | |aIqaluit - Nunavut : |bAffaires indiennes et du Nord. |c2005. |
| 300 | |a[20]p. : |bill. ; |c28 cm. |
| 520 | 3 |aCe livre d’activités et livre à colorier raconte l’histoire de deux enfants qui accompagnent leur grand-père qui participe au processus d’examen environnemental entrepris lorsqu’une entreprise étudie la possibilité d’ouvrir une mine près de son camp d’été. |
| 546 | |aTexte en anglais, français, inuktitut and inuinaqtuin. |
| 563 | |aCouverture souple |
| 590 | |a05-10|b2005-03-11 |
| 691 | 07|aÉvaluation environnementale|2gcpds |
| 691 | 07|aProtection de l'environnement|2gcpds |
| 776 | 0#|tThe land - ours to use wisely : |w(CaOODSP)9.675005 |
| 791 | |tThe land - ours to use wisely : |eeng|w(CaOODSP)9.666125 |
| 986 | |aQS-8628-010-HI-AEF-A1 |